000 00637nam a2200265Ia 4500
005 20260121170215.0
008 008 260114s9999 xx 000 0 eng d
020 _a9789811055980
037 _aEBOOK
040 _aCRL
040 _beng
040 _cCRL
041 _2eng
041 _aeng
084 _qCRL
100 _aMiyume Tanji, Daniel Broudy
_91061097
245 0 _aOkinawa Under Occupation
260 _bSpringer
260 _bSpringer
260 _c2017
856 _uhttps://link.springer.com/openurl?genre=book&isbn=978-981-10-5598-0
942 _cEBOOK
999 _c1626826
_d1626826